[Event "3.Mansfelder Schloss-Open"]
[Site "Schloss Mansfeld"]
[Date "2018.07.19"]
[Round "1.1"]
[White "Glienke, Manfred"]
[Black "Krueger, Oliver"]
[Result "1-0"]
[WhiteElo "2250"]
[BlackElo "1581"]
[PlyCount "47"]
[EventDate "2018.??.??"]

1. c4 e5 2. Nc3 Nf6 3. Nf3 Nc6 4. d4 exd4 5. Nxd4 Bc5 6. e3 d6 7. Be2 O-O 8.
O-O Bd7 9. b3 a6 10. Bb2 Ne5 11. Qc2 Nfg4 12. h3 Nh6 13. Rad1 f5 14. Nd5 Ng6
15. Nf3 c6 16. b4 Bb6 17. Nf4 Nxf4 18. exf4 Qc7 19. Rd2 Rae8 20. Rfd1 Re6 21.
Ng5 Rfe8 22. Nxe6 Rxe6 23. Bh5 g6 24. Qc3 1-0

[Event "3.Mansfelder Schloss-Open"]
[Site "Schloss Mansfeld"]
[Date "2018.07.19"]
[Round "1.2"]
[White "Schaefer, Konstantin"]
[Black "Peschel, Andreas"]
[Result "0-1"]
[WhiteElo "1544"]
[BlackElo "2172"]
[PlyCount "90"]
[EventDate "2018.??.??"]

1. e4 g6 2. d4 Bg7 3. Nf3 d5 4. e5 Nh6 5. h3 O-O 6. Bf4 f6 7. c4 c6 8. Bd3 Nf7
9. Qe2 fxe5 10. dxe5 e6 11. O-O Nd7 12. Nbd2 a6 13. b4 b5 14. c5 a5 15. a3 Qc7
16. Kh1 Nb8 17. Nb3 axb4 18. axb4 Rxa1 19. Nxa1 Nd7 20. Re1 Qd8 21. Qe3 Qe8 22.
Nc2 g5 23. Nxg5 Nxg5 24. Bxg5 Nxe5 25. Nd4 Nxd3 26. Qxd3 e5 27. Qg3 Qg6 28. Nf3
h6 29. Nxe5 Qxg5 30. Qxg5 hxg5 31. Nxc6 Bc3 32. Re3 d4 33. Rg3 Bd2 34. Rd3 Be1
35. Nxd4 Bxf2 36. Nxb5 Ba6 37. Rf3 Bxb5 38. Rxf8+ Kxf8 39. Kh2 Be1 40. g3 Bxb4
41. Kg2 Bc6+ 42. Kh2 Bxc5 43. g4 Bf2 44. h4 Bxh4 45. Kh3 Bd7 0-1

[Event "3.Mansfelder Schloss-Open"]
[Site "Schloss Mansfeld"]
[Date "2018.07.19"]
[Round "1.3"]
[White "Groebel, Aaron"]
[Black "Pikalow, Michael"]
[Result "1/2-1/2"]
[WhiteElo "2087"]
[BlackElo "1543"]
[PlyCount "76"]
[EventDate "2018.??.??"]

1. e4 c5 2. Nf3 d6 3. d4 cxd4 4. Nxd4 Nf6 5. Nc3 g6 6. Be3 Bg7 7. f3 O-O 8. Qd2
Nc6 9. g4 d5 10. g5 Nh5 11. exd5 Ne5 12. Be2 a6 13. O-O-O b5 14. a3 b4 15. axb4
Qd6 16. Nb3 Qxb4 17. Bc5 Qb7 18. f4 Nd7 19. Bd4 a5 20. Na4 Qxd5 21. Bxh5 gxh5
22. Bxg7 Qxd2+ 23. Rxd2 Kxg7 24. Rhd1 Nb8 25. Nb6 Ra6 26. Nd5 Nc6 27. Nd4 Bg4
28. Re1 Nxd4 29. Rxd4 Rd6 30. Rxe7 Be6 31. c4 Rfd8 32. Kc2 Bxd5 33. cxd5 Rxd5
34. Rxd5 Rxd5 35. Kc3 Rf5 36. Re4 h6 37. gxh6+ Kxh6 38. Ra4 Kg6 1/2-1/2

[Event "3.Mansfelder Schloss-Open"]
[Site "Schloss Mansfeld"]
[Date "2018.07.19"]
[Round "1.4"]
[White "Mueller, Helene"]
[Black "Baer, Soeren"]
[Result "0-1"]
[WhiteElo "1534"]
[BlackElo "2081"]
[PlyCount "53"]
[EventDate "2018.??.??"]

1. e4 c5 2. Nf3 g6 3. d4 cxd4 4. Nxd4 Nc6 5. Be3 Nf6 6. f3 Qb6 7. Bc4 Qxb2 8.
Nxc6 bxc6 9. Bb3 Qe5 10. Bd4 Qc7 11. O-O Ba6 12. Re1 e5 13. Bb2 Bc5+ 14. Kh1
O-O 15. Qd2 Kg7 16. Bc1 Ng8 17. a3 Be7 18. Nc3 h6 19. Nd1 Bg5 20. Ne3 Rad8 21.
g3 d5 22. h4 dxe4 23. Qf2 Bxe3 24. Qxe3 exf3 25. Qxf3 c5 26. Bb2 f6 27. h5 {
nicht mehr rekontruirbar} 0-1

[Event "3.Mansfelder Schloss-Open"]
[Site "Schloss Mansfeld"]
[Date "2018.07.19"]
[Round "1.5"]
[White "Roeder, Phillip"]
[Black "Groebel, Henning"]
[Result "1-0"]
[WhiteElo "2051"]
[BlackElo "1518"]
[PlyCount "108"]
[EventDate "2018.??.??"]

1. Nc3 Nf6 2. e4 d6 3. d4 Nbd7 4. Be2 g6 5. Be3 e5 6. d5 Bg7 7. h3 b6 8. Bb5
O-O 9. Bc6 Rb8 10. g4 Nc5 11. f3 Bd7 12. Bxd7 Qxd7 13. Nge2 a5 14. a4 Rfd8 15.
Ng3 c6 16. g5 Ne8 17. h4 cxd5 18. exd5 f5 19. gxf6 Nxf6 20. Qd2 Re8 21. Nge4
Ncxe4 22. fxe4 Qg4 23. Qe2 Qxe2+ 24. Kxe2 Nh5 25. Kd3 Nf4+ 26. Kc4 Bf6 27. Rh2
Kg7 28. Kb5 h6 29. Rg1 g5 30. Nb1 Kg6 31. Nd2 Rec8 32. Nc4 Be7 33. Nxb6 Bd8 34.
Kxa5 Bxb6+ 35. Bxb6 Rc4 36. Be3 Rxe4 37. Bxf4 exf4 38. hxg5 hxg5 39. b3 f3 40.
Rf2 g4 41. Rxf3 Kg5 42. c4 Rf4 43. Rfg3 Kf5 44. Rc1 Rf3 45. Rxf3+ gxf3 46. b4
Ke4 47. b5 f2 48. b6 Kd4 49. Kb5 Rf8 50. Rf1 Rf3 51. b7 Rb3+ 52. Kc6 Rb4 53.
Rxf2 Rxc4+ 54. Kxd6 Rb4 1-0

[Event "3.Mansfelder Schloss-Open"]
[Site "Schloss Mansfeld"]
[Date "2018.07.19"]
[Round "1.6"]
[White "Prudlik, Finn Olmse"]
[Black "Welz, Peter"]
[Result "0-1"]
[WhiteElo "1517"]
[BlackElo "2031"]
[PlyCount "52"]
[EventDate "2018.??.??"]

1. e4 e6 2. d4 d5 3. Nc3 Bb4 4. Bd3 dxe4 5. Bxe4 Nf6 6. Nge2 Nxe4 7. O-O Nxc3
8. bxc3 Be7 9. Be3 b6 10. Nf4 Bb7 11. Qd2 O-O 12. Rfd1 Nd7 13. d5 exd5 14. Nxd5
Bxd5 15. Qxd5 Nf6 16. Qf3 Bd6 17. Bf4 Qe7 18. Re1 Qd7 19. Rad1 Rae8 20. Kf1
Qb5+ 21. Rd3 Rxe1+ 22. Kxe1 Re8+ 23. Kf1 Bxf4 24. Qxf4 Qb1+ 25. Qc1 Qxc1+ 26.
Rd1 Qxd1# 0-1

[Event "3.Mansfelder Schloss-Open"]
[Site "Schloss Mansfeld"]
[Date "2018.07.19"]
[Round "1.7"]
[White "Stanke, Achim"]
[Black "Wolfram, Mike"]
[Result "1-0"]
[WhiteElo "2012"]
[BlackElo "1468"]
[PlyCount "58"]
[EventDate "2018.??.??"]

1. d4 Nf6 2. Nf3 d5 3. c4 e6 4. Nc3 Bb4 5. g3 O-O 6. Bg2 c6 7. O-O Re8 8. Qc2
Nbd7 9. Rd1 Bd6 10. e4 dxe4 11. Ng5 h6 12. Ngxe4 Nxe4 13. Nxe4 Nf6 14. Nxd6
Qxd6 15. Bf4 Qd7 16. h3 Nh5 17. Be3 Qe7 18. d5 cxd5 19. cxd5 exd5 20. Bc5 Qc7
21. Rxd5 Nf6 22. Rd2 Be6 23. Bd4 Rac8 24. Qxc7 Rxc7 25. Bxa7 Bf5 26. Bb6 Rc2
27. Rxc2 Bxc2 28. Rc1 Bd3 29. Rc7 Bb5 {nicht mehr rekonstruierbar} 1-0

[Event "3.Mansfelder Schloss-Open"]
[Site "Schloss Mansfeld"]
[Date "2018.07.19"]
[Round "1.8"]
[White "Witthuhn, Kerstin"]
[Black "Schmidt, Alexander"]
[Result "0-1"]
[WhiteElo "1464"]
[BlackElo "1961"]
[PlyCount "88"]
[EventDate "2018.??.??"]

1. e4 c5 2. Nf3 d6 3. d4 cxd4 4. Nxd4 Nf6 5. Nc3 a6 6. Be2 e5 7. Nf3 Be7 8. O-O
Be6 9. Be3 Nbd7 10. Ng5 Rc8 11. Nxe6 fxe6 12. Bg4 Kf7 13. f4 exf4 14. Rxf4 Ne5
15. Bh3 h5 16. Nd5 exd5 17. Bxc8 Qxc8 18. Qxd5+ Kg6 19. Qb3 b5 20. Bd4 Qc4 21.
Qg3+ Kh7 22. c3 Qe6 23. h3 Rg8 24. Re1 g6 25. Bf2 Qxa2 26. Be3 Nd3 27. Rff1
Nxe1 28. Qg5 Kg7 29. Qh6+ Kf7 30. Rxe1 Qe6 31. Bd4 d5 32. e5 Ne4 33. Rf1+ Ke8
34. Qh7 Ng3 35. Rf3 Ne2+ 36. Kh2 Nxd4 37. cxd4 Rf8 38. Rg3 Rg8 39. Rc3 Kd8 40.
Qh6 h4 41. Qc1 Qf5 42. Rc7 Bg5 43. Qc5 Bf4+ 44. Kh1 Qb1+ 0-1

[Event "3.Mansfelder Schloss-Open"]
[Site "Schloss Mansfeld"]
[Date "2018.07.19"]
[Round "1.9"]
[White "Hartogh, Christian"]
[Black "Uhlendorf, Norbert"]
[Result "1-0"]
[WhiteElo "1906"]
[BlackElo "1453"]
[PlyCount "61"]
[EventDate "2018.??.??"]

1. e4 e5 2. Nf3 d6 3. Bc4 Nf6 4. d3 h6 5. c3 Bd7 6. Bb3 c5 7. Nbd2 b5 8. Nf1
Be7 9. h3 a5 10. a4 b4 11. g4 Nh7 12. Ng3 Bh4 13. Nxh4 Qxh4 14. Qf3 Rf8 15. Nf5
Bxf5 16. Qxf5 g6 17. Qc8+ Qd8 18. Qxd8+ Kxd8 19. Bxh6 Re8 20. Bxf7 Re7 21. Bxg6
Kc7 22. f4 Nc6 23. f5 Nf8 24. Bxf8 Rxf8 25. Kd2 Kb6 26. h4 Rg7 27. Raf1 Ne7 28.
h5 Nxg6 29. fxg6 Rf4 30. Rxf4 exf4 31. Rf1 1-0

[Event "3.Mansfelder Schloss-Open"]
[Site "Schloss Mansfeld"]
[Date "2018.07.19"]
[Round "1.10"]
[White "Malchow, Herbert"]
[Black "Grosse-Honebrink, Brigitte"]
[Result "0-1"]
[WhiteElo "1390"]
[BlackElo "1903"]
[PlyCount "64"]
[EventDate "2018.??.??"]

1. e4 e6 2. d4 d5 3. exd5 exd5 4. Nf3 Nf6 5. Be2 Be7 6. Nc3 O-O 7. Bf4 c6 8.
Ne5 Nbd7 9. O-O Nxe5 10. Bxe5 Bf5 11. Re1 Qd7 12. Bd3 Bg6 13. Bxf6 Bxf6 14.
Bxg6 fxg6 15. Ne2 Rae8 16. Qd3 Bd8 17. b4 Qd6 18. a3 Bc7 19. Qg3 Qf6 20. f4
Rxe2 21. Rxe2 Qxd4+ 22. Qf2 Qxa1+ 23. Re1 Qxa3 24. Re7 Bb6 25. Qxb6 axb6 26. h3
Qc1+ 27. Kh2 Qxf4+ 28. Kg1 Ra8 29. Re1 Qxb4 30. Rf1 Qd4+ 31. Kh2 Ra1 32. Rxa1
Qxa1 0-1

[Event "3.Mansfelder Schloss-Open"]
[Site "Schloss Mansfeld"]
[Date "2018.07.19"]
[Round "2.1"]
[White "Prior, Benjamin"]
[Black "Glienke, Manfred"]
[Result "0-1"]
[WhiteElo "1801"]
[BlackElo "2250"]
[PlyCount "51"]
[EventDate "2018.??.??"]

1. e4 e5 2. Nf3 d6 3. d4 Nd7 4. Nc3 Ngf6 5. Bc4 Be7 6. O-O O-O 7. Re1 c6 8. Bb3
b5 9. a3 a6 10. h3 Qc7 11. Be3 Rb8 12. Qd3 exd4 13. Qxd4 c5 14. Qd1 c4 15. Ba2
Bb7 16. Bf4 Rbd8 17. Nd4 g6 18. Qe2 Rfe8 19. Rad1 Bf8 20. f3 Nh5 21. Bg5 Be7
22. Qd2 Bxg5 23. Qxg5 Ng7 24. Nf5 Rc8 25. f4 Ne6 26. Nh6+ {nicht mehr
rekontruierbar} 0-1

[Event "3.Mansfelder Schloss-Open"]
[Site "Schloss Mansfeld"]
[Date "2018.07.19"]
[Round "2.2"]
[White "Peschel, Andreas"]
[Black "Krneta, Slavko"]
[Result "1-0"]
[WhiteElo "2172"]
[BlackElo "1818"]
[PlyCount "85"]
[EventDate "2018.??.??"]

1. d4 Nf6 2. c4 c5 3. Nc3 cxd4 4. Qxd4 Nc6 5. Qd2 e6 6. a3 d5 7. e3 g6 8. Nf3
Bg7 9. Be2 Na5 10. Qc2 dxc4 11. Nd2 Bd7 12. Nxc4 Nxc4 13. Bxc4 Bc6 14. O-O Qc7
15. Nb5 Qe7 16. Nd4 O-O 17. Nxc6 bxc6 18. Bd2 Qb7 19. Bb4 Rfe8 20. Ba5 Nd5 21.
Rab1 Nb6 22. Be2 Nd5 23. Rfd1 Rab8 24. Bd2 Qb3 25. Rdc1 c5 26. Bc4 Qxc2 27.
Rxc2 Nb6 28. Ba6 Red8 29. Ba5 Bf8 30. Kf1 Rd6 31. Ke2 f6 32. h4 Kf7 33. b4 Be7
34. Rbc1 cxb4 35. axb4 Rd7 36. Bb5 Rd5 37. Bc6 Rd6 38. b5 Rdd8 39. h5 Ba3 40.
hxg6+ hxg6 41. Rb1 Kg7 42. Ra2 Be7 43. Bxb6 1-0

[Event "3.Mansfelder Schloss-Open"]
[Site "Schloss Mansfeld"]
[Date "2018.07.19"]
[Round "2.3"]
[White "Baer, Soeren"]
[Black "Meiwes, Thore"]
[Result "1/2-1/2"]
[WhiteElo "2081"]
[BlackElo "1794"]
[PlyCount "39"]
[EventDate "2018.??.??"]

1. Nf3 Nf6 2. c4 e6 3. g3 d5 4. d4 Be7 5. Bg2 O-O 6. O-O dxc4 7. Qc2 a6 8. Nbd2
Nbd7 9. Nxc4 c5 10. dxc5 Bxc5 11. Bf4 Qe7 12. Rad1 Nd5 13. Bc1 N7f6 14. a3 b5
15. Nce5 Bb7 16. Bg5 Rac8 17. Qb1 h6 18. Bxf6 Nxf6 19. Nd3 Bb6 20. Nfe5 1/2-1/2

[Event "3.Mansfelder Schloss-Open"]
[Site "Schloss Mansfeld"]
[Date "2018.07.19"]
[Round "2.4"]
[White "Kalliwoda, Enrico"]
[Black "Roeder, Phillip"]
[Result "0-1"]
[WhiteElo "1782"]
[BlackElo "2051"]
[PlyCount "72"]
[EventDate "2018.??.??"]

1. d4 Nf6 2. c4 c5 3. d5 b5 4. cxb5 a6 5. Nc3 axb5 6. e4 b4 7. Nb5 d6 8. Bf4 g6
9. e5 Nh5 10. exd6 exd6 11. Qe2+ Kd7 12. g3 Nxf4 13. gxf4 Qe7 14. Bh3+ f5 15.
a4 bxa3 16. Rxa3 Qxe2+ 17. Nxe2 Rxa3 18. bxa3 Ba6 19. Nec3 Bh6 20. Kd1 Re8 21.
Bg2 Bxf4 22. h4 Be5 23. a4 Bb7 24. Kc2 Na6 25. a5 Nb4+ 26. Kb3 Nd3 27. Na4 Nxf2
28. Nb6+ Kd8 29. Rb1 Nd3 30. Kc4 Nb4 31. Rxb4 cxb4 32. Kxb4 Ba6 33. Na7 Kc7 34.
Bf3 Bf4 35. Nb5+ Bxb5 36. Kxb5 Rb8 0-1

[Event "3.Mansfelder Schloss-Open"]
[Site "Schloss Mansfeld"]
[Date "2018.07.19"]
[Round "2.5"]
[White "Welz, Peter"]
[Black "Markus, Nico"]
[Result "1-0"]
[WhiteElo "2031"]
[BlackElo "1760"]
[PlyCount "75"]
[EventDate "2018.??.??"]

1. e4 e5 2. Nf3 Nf6 3. Nxe5 d6 4. Nxf7 Kxf7 5. d4 Be7 6. Bd3 c5 7. e5 dxe5 8.
dxe5 Re8 9. O-O Bg4 10. Bc4+ Kf8 11. Qxd8 Rxd8 12. exf6 Bxf6 13. c3 Nc6 14. h3
Bf5 15. g4 Bd3 16. Bxd3 Rxd3 17. Be3 b6 18. Nd2 Ne5 19. Ne4 Be7 20. Rad1 Rad8
21. Rxd3 Rxd3 22. Kg2 Nc4 23. Bc1 h6 24. b3 Ne5 25. Bf4 Nc6 26. Re1 Kf7 27. Re3
Rxe3 28. Bxe3 Ke6 29. f4 g6 30. Kf3 Bf8 31. Ng3 Bg7 32. Bd2 Ne7 33. h4 Kd5 34.
h5 Bf6 35. hxg6 Nxg6 36. Nf5 Nh4+ 37. Nxh4 Bxh4 38. f5 1-0

[Event "3.Mansfelder Schloss-Open"]
[Site "Schloss Mansfeld"]
[Date "2018.07.19"]
[Round "2.6"]
[White "Kaschuba, Juergen"]
[Black "Stanke, Achim"]
[Result "1-0"]
[WhiteElo "1745"]
[BlackElo "2012"]
[PlyCount "78"]
[EventDate "2018.??.??"]

1. Nc3 g6 2. Nf3 Bg7 3. e4 c6 4. d4 d5 5. exd5 cxd5 6. Bb5+ Nc6 7. O-O a6 8.
Bxc6+ bxc6 9. Ne2 Nh6 10. Bxh6 Bxh6 11. c3 O-O 12. Ng3 a5 13. Ne5 Qb6 14. Qb3
Qc7 15. Qc2 c5 16. Nd3 cxd4 17. Ne2 e5 18. Qd1 e4 19. Ne1 d3 20. Nd4 Ba6 21. g3
Rab8 22. Ng2 Rxb2 23. Ne3 Qxc3 24. Nb3 Bxe3 25. fxe3 d2 26. Rf2 Qxe3 27. Nxd2
a4 28. Nxe4 dxe4 29. Qe1 Re2 30. Qf1 Bd3 31. Kg2 Rc8 32. Rxe2 Bxe2 33. Qf4 Bf3+
34. Kh3 Qe2 35. Rg1 Qxa2 36. g4 Qe6 37. Kg3 a3 38. Ra1 Rc3 39. Kh4 h6 1-0

[Event "3.Mansfelder Schloss-Open"]
[Site "Schloss Mansfeld"]
[Date "2018.07.19"]
[Round "2.8"]
[White "Suliga, Eckhard"]
[Black "Hartogh, Christian"]
[Result "0-1"]
[WhiteElo "1722"]
[BlackElo "1906"]
[PlyCount "52"]
[EventDate "2018.??.??"]

1. e4 c5 2. Nf3 d6 3. d4 cxd4 4. Nxd4 Nf6 5. Nc3 a6 6. Bg5 e6 7. f4 Be7 8. Qf3
Qc7 9. O-O-O Nbd7 10. g4 b5 11. Bxf6 Nxf6 12. g5 Nd7 13. f5 O-O 14. Rg1 b4 15.
Nce2 e5 16. Nb3 f6 17. h4 a5 18. Qg4 a4 19. Nd2 Ba6 20. Ng3 Rfc8 21. Nc4 Bxc4
22. Nh5 Bxf1 23. Rd2 a3 24. gxf6 axb2+ 25. Kb1 Bxf6 26. Nxg7 Kh8 0-1

[Event "3.Mansfelder Schloss-Open"]
[Site "Schloss Mansfeld"]
[Date "2018.07.19"]
[Round "2.9"]
[White "Grosse-Honebrink, Brigitte"]
[Black "Bachmann, Sylvia"]
[Result "1-0"]
[WhiteElo "1903"]
[BlackElo "1715"]
[PlyCount "59"]
[EventDate "2018.??.??"]

1. d4 d5 2. Nf3 e6 3. Bf4 Nf6 4. e3 Be7 5. h3 Nbd7 6. Be2 O-O 7. O-O Ne4 8.
Nbd2 Ndf6 9. c4 c6 10. Nxe4 Nxe4 11. Rc1 Bd7 12. a3 Rc8 13. c5 h6 14. Qb3 g5
15. Bh2 f5 16. Qc2 Be8 17. Ne5 Bf7 18. f3 Nf6 19. g4 fxg4 20. fxg4 Qe8 21. Bd3
Kg7 22. Nxf7 Qxf7 23. Be5 Kg8 24. Rf3 Qg7 25. Rcf1 Rf7 26. R1f2 Rcf8 27. Bg6
Bd8 28. Bxf7+ Rxf7 29. Rf1 Qf8 30. Qf2 1-0

[Event "3.Mansfelder Schloss-Open"]
[Site "Schloss Mansfeld"]
[Date "2018.07.19"]
[Round "2.10"]
[White "Naumann, Thomas"]
[Black "Hering, Sven"]
[Result "0-1"]
[WhiteElo "1710"]
[BlackElo "1903"]
[PlyCount "32"]
[EventDate "2018.??.??"]

1. d4 d5 2. Nf3 Nf6 3. c4 dxc4 4. Nc3 a6 5. a4 Nc6 6. e3 Na5 7. Qc2 g6 8. Bd2
Bg7 9. Rd1 O-O 10. Nb1 Bf5 11. Qc3 Nd5 12. Qa3 c6 13. Qc5 b5 14. Nc3 Nb3 15.
Qxc6 Nb4 16. Qb7 Nc2+ 0-1

[Event "3.Mansfelder Schloss-Open"]
[Site "Schloss Mansfeld"]
[Date "2018.07.20"]
[Round "3.1"]
[White "Glienke, Manfred"]
[Black "Hartogh, Christian"]
[Result "1-0"]
[WhiteElo "2250"]
[BlackElo "1906"]
[PlyCount "61"]
[EventDate "2018.??.??"]

1. d4 d5 2. Nf3 Nf6 3. Bf4 c6 4. e3 Bf5 5. c4 e6 6. Qb3 Qb6 7. c5 Qa5+ 8. Nc3
b5 9. Be2 Nbd7 10. h3 Qd8 11. a4 a6 12. O-O Be7 13. Ra2 O-O 14. Rfa1 b4 15.
Qxb4 a5 16. Qa3 Ne4 17. b4 f6 18. b5 e5 19. Bh2 Qc8 20. bxc6 Qxc6 21. Qb3 Nxc3
22. Qxc3 e4 23. Nd2 Qe6 24. Rb2 h5 25. Rb7 h4 26. Qc2 g5 27. Qd1 Bg6 28. Rc1
Nb8 29. Bb5 Nc6 30. Bxc6 Qxc6 31. Rxe7 1-0

[Event "3.Mansfelder Schloss-Open"]
[Site "Schloss Mansfeld"]
[Date "2018.07.20"]
[Round "3.2"]
[White "Hering, Sven"]
[Black "Peschel, Andreas"]
[Result "0-1"]
[WhiteElo "1903"]
[BlackElo "2172"]
[PlyCount "82"]
[EventDate "2018.??.??"]

1. e4 g6 2. d4 Bg7 3. Nc3 c6 4. Be3 d5 5. Qd2 dxe4 6. Nxe4 a5 7. Nf3 Na6 8. Be2
Bg4 9. h3 Bxf3 10. Bxf3 Nc7 11. c4 Nf6 12. Nc5 Qc8 13. d5 O-O 14. dxc6 bxc6 15.
Bxc6 Rb8 16. O-O Ne6 17. Nxe6 Qxe6 18. Bb5 Ne4 19. Qc2 Nd6 20. a4 Rfc8 21. Rfe1
Nxb5 22. axb5 Rxb5 23. b3 Re5 24. Bd2 Qa6 25. Bc3 Rxe1+ 26. Rxe1 Bf8 27. Re5 a4
28. Rb5 Bg7 29. Rb4 Qa5 30. Rb8 Rxb8 31. Bxa5 axb3 32. Qb1 b2 33. Kh2 Ra8 34.
Qe1 Rb8 35. Qb1 h5 36. c5 Be5+ 37. g3 Ra8 38. Bc3 Bxc3 39. Qc2 Be5 40. Qe4 Ra1
41. Qxe5 b1=Q 0-1

[Event "3.Mansfelder Schloss-Open"]
[Site "Schloss Mansfeld"]
[Date "2018.07.20"]
[Round "3.3"]
[White "Roeder, Phillip"]
[Black "Grosse-Honebrink, Brigitte"]
[Result "1-0"]
[WhiteElo "2051"]
[BlackElo "1903"]
[PlyCount "106"]
[EventDate "2018.??.??"]

1. Nc3 d5 2. e4 dxe4 3. Nxe4 Nd7 4. d4 Ngf6 5. Ng3 e6 6. Nf3 c5 7. c3 Be7 8.
Be2 b6 9. O-O Bb7 10. Bf4 O-O 11. Ne5 cxd4 12. Qxd4 Nxe5 13. Bxe5 Qxd4 14. Bxd4
Rfd8 15. a4 Nd7 16. Rfd1 Nc5 17. Bxc5 Bxc5 18. b4 Be7 19. Rxd8+ Rxd8 20. a5 Bf6
21. Rc1 g6 22. a6 Ba8 23. c4 Bg5 24. Rd1 Rxd1+ 25. Bxd1 Be7 26. b5 h5 27. Bc2
Kg7 28. Kf1 f5 29. Ne2 e5 30. f3 Bb4 31. Nc1 Kf6 32. Ke2 Bd6 33. g3 g5 34. h3
g4 35. hxg4 fxg4 36. fxg4 hxg4 37. Nb3 Bf8 38. Kf2 Bd6 39. Bd1 Kf5 40. Ke3 Bf8
41. Bc2+ e4 42. Nd2 Bc5+ 43. Ke2 Ke5 44. Nb3 Be7 45. Bd1 Bf6 46. Kf2 Bg5 47.
Bxg4 e3+ 48. Ke2 Be4 49. Bf3 Bc2 50. c5 Bxb3 51. cxb6 Bc4+ 52. Ke1 Be7 53. bxa7
Bb4+ {nicht mehr rekonstruierbar} 1-0

[Event "3.Mansfelder Schloss-Open"]
[Site "Schloss Mansfeld"]
[Date "2018.07.20"]
[Round "3.4"]
[White "Leib, Britta"]
[Black "Welz, Peter"]
[Result "1/2-1/2"]
[WhiteElo "1872"]
[BlackElo "2031"]
[PlyCount "33"]
[EventDate "2018.??.??"]

1. e4 e6 2. d4 d5 3. Nc3 Bb4 4. exd5 exd5 5. Bd3 Nf6 6. a3 Be7 7. h3 O-O 8. Nf3
Nbd7 9. O-O c5 10. Re1 c4 11. Bf1 Bd6 12. Ne5 Nb6 13. Qf3 Be6 14. Bg5 Be7 15.
Re3 Nfd7 16. Bxe7 Qxe7 17. Rae1 1/2-1/2

[Event "3.Mansfelder Schloss-Open"]
[Site "Schloss Mansfeld"]
[Date "2018.07.20"]
[Round "3.5"]
[White "Stanke, Achim"]
[Black "Scheffner, Jarno"]
[Result "1/2-1/2"]
[WhiteElo "2012"]
[BlackElo "1692"]
[PlyCount "87"]
[EventDate "2018.??.??"]

1. d4 b6 2. Nf3 Bb7 3. g3 Nf6 4. Bg2 g6 5. O-O Bg7 6. c4 O-O 7. Nc3 d6 8. Qc2
Nbd7 9. Rd1 e6 10. Bf4 Qe7 11. e4 e5 12. Be3 exd4 13. Nxd4 Ng4 14. Bc1 Nge5 15.
b3 Rfe8 16. f4 Nc6 17. Nd5 Nxd4 18. Nxe7+ Rxe7 19. Qf2 Bxe4 20. Be3 c5 21. Bxd4
Bxd4 22. Rxd4 cxd4 23. Re1 Rae8 24. Qxd4 Bxg2 25. Rxe7 Rxe7 26. Kxg2 Re2+ 27.
Kf3 Rxa2 28. Qxd6 Nc5 29. Qd8+ Kg7 30. b4 Ne6 31. Qd3 Rxh2 32. c5 Rc2 33. Qa6
bxc5 34. bxc5 Rxc5 35. Qxa7 Rc4 36. Kg4 h5+ 37. Kh4 Rc1 38. Kh3 Rc3 39. Qa4 Rf3
40. Qa1+ Kh7 41. Kg2 Rd3 42. Qf1 Rd2+ 43. Kh3 Kg8 44. f5 {nicht mehr
rekonstruierbar} 1/2-1/2

[Event "3.Mansfelder Schloss-Open"]
[Site "Schloss Mansfeld"]
[Date "2018.07.20"]
[Round "3.6"]
[White "Groebel, Aaron"]
[Black "Steudner, Reinhold"]
[Result "1-0"]
[WhiteElo "2087"]
[BlackElo "1856"]
[PlyCount "91"]
[EventDate "2018.??.??"]

1. e4 d6 2. d4 Nf6 3. Nc3 g6 4. f4 Bg7 5. a3 c5 6. dxc5 Qa5 7. b4 Qd8 8. e5
dxe5 9. Qxd8+ Kxd8 10. fxe5 Ng4 11. Bf4 Nxe5 12. O-O-O+ Bd7 13. Be2 e6 14. Ne4
Ke7 15. Nf3 Nxf3 16. Bxf3 e5 17. Bg3 Bc6 18. Rhe1 Nd7 19. Nc3 Rhc8 20. Bh4+ f6
21. Bg4 g5 22. b5 gxh4 23. bxc6 Bh6+ 24. Kb1 Nxc5 25. Nd5+ Kf7 26. Bxc8 Rxc8
27. cxb7 Rb8 28. c3 Rxb7+ 29. Kc2 e4 30. Nb4 Rc7 31. Rd4 f5 32. Rf1 Ke6 33.
Rfd1 Bf4 34. Nd5 Bxh2 35. Nxc7+ Bxc7 36. Rd5 Bb6 37. Rd6+ Ke5 38. R1d5+ Kf4 39.
Rh6 e3 40. Rxh4+ Kg3 41. Rh3+ Kxg2 42. Rxe3 f4 43. Rd2+ Kf1 44. Rf3+ Ke1 45.
Rxf4 Ne6 46. Re4+ 1-0

[Event "3.Mansfelder Schloss-Open"]
[Site "Schloss Mansfeld"]
[Date "2018.07.20"]
[Round "3.7"]
[White "Schumann, Falko"]
[Black "Baer, Soeren"]
[Result "0-1"]
[WhiteElo "1730"]
[BlackElo "2081"]
[PlyCount "58"]
[EventDate "2018.??.??"]

1. d4 Nf6 2. f3 d6 3. e4 e5 4. dxe5 dxe5 5. Qxd8+ Kxd8 6. Bc4 Ke8 7. Nc3 c6 8.
f4 Bb4 9. Bd3 Nbd7 10. Nf3 exf4 11. Bxf4 Nc5 12. O-O Ne6 13. Ne2 Bc5+ 14. Kh1
Nxf4 15. Nxf4 Ng4 16. h3 h5 17. c3 Be3 18. Ng5 Nf2+ 19. Rxf2 Bxf2 20. Rf1 Bh4
21. Nxf7 Kxf7 22. Bc4+ Kf6 23. Nxh5+ Ke5 24. Nxg7 Bf6 25. Nf5 Be6 26. Ne3 Bxc4
27. Ng4+ Kxe4 28. Re1+ Kd3 29. Rd1+ Kc2 0-1

[Event "3.Mansfelder Schloss-Open"]
[Site "Schloss Mansfeld"]
[Date "2018.07.20"]
[Round "3.8"]
[White "Meiwes, Thore"]
[Black "Schmidt, Alexander"]
[Result "1-0"]
[WhiteElo "1794"]
[BlackElo "1961"]
[PlyCount "85"]
[EventDate "2018.??.??"]

1. d4 f5 2. Bf4 Nf6 3. e3 e6 4. Nf3 d5 5. c4 c6 6. Nc3 Be7 7. Bd3 O-O 8. Qc2 b6
9. Ne5 Bb7 10. cxd5 Nxd5 11. Nxd5 cxd5 12. g4 Nd7 13. gxf5 Rc8 14. Qb1 Nxe5 15.
Bxe5 Bb4+ 16. Kd1 Qg5 17. a3 Be7 18. Kd2 Qg2 19. Qg1 Qxg1 20. Rhxg1 Bf6 21.
Bxf6 Rxf6 22. f4 exf5 23. Rac1 Rxc1 24. Rxc1 Rf7 25. b4 g6 26. a4 Re7 27. a5
bxa5 28. bxa5 a6 29. Rb1 Kf7 30. Rb6 Rc7 31. Bxa6 Bxa6 32. Rxa6 Ke7 33. Rb6 Kd7
34. a6 Kc8 35. h4 Kd7 36. Kd3 Kc8 37. Rd6 Ra7 38. Kc3 Kc7 39. Rf6 Kb8 40. Rf8+
Kc7 41. Rf7+ Kb8 42. Rxa7 Kxa7 43. Kb4 1-0

[Event "3.Mansfelder Schloss-Open"]
[Site "Schloss Mansfeld"]
[Date "2018.07.20"]
[Round "3.9"]
[White "Zerfass, Otfried"]
[Black "Pikalow, Michael"]
[Result "0-1"]
[WhiteElo "1892"]
[BlackElo "1543"]
[PlyCount "84"]
[EventDate "2018.??.??"]

1. e4 c5 2. Nc3 Nc6 3. Bb5 Nd4 4. Nf3 Nxb5 5. Nxb5 Qa5 6. Nc3 d6 7. d4 Nf6 8.
Bd2 Qb6 9. dxc5 Qxc5 10. O-O g6 11. Re1 Bg7 12. Be3 Qa5 13. Qd2 O-O 14. Bh6 Rd8
15. Rad1 Bg4 16. Bxg7 Kxg7 17. Qf4 Rac8 18. h3 Bxf3 19. Qxf3 Qb4 20. e5 dxe5
21. Rxe5 Rxd1+ 22. Nxd1 Rxc2 23. a3 Qd6 24. Re1 Qd2 25. Re3 Rc1 26. Rd3 Qe1+
27. Kh2 Qe5+ 28. Kg1 Qe4 29. Qxe4 Nxe4 30. Kf1 Kf6 31. Ke2 Rc2+ 32. Ke3 Nc5 33.
Rd4 e5 34. Rd6+ Ke7 35. Rd5 Ke6 36. Rd8 Nd7 37. Kd3 Rc7 38. Nc3 Nf6 39. Ke2 Rd7
40. Rc8 Nd5 41. Ne4 Nf4+ 42. Ke3 Rd3# 0-1

[Event "3.Mansfelder Schloss-Open"]
[Site "Schloss Mansfeld"]
[Date "2018.07.20"]
[Round "3.10"]
[White "Krneta, Slavko"]
[Black "Groebel, Henning"]
[Result "1-0"]
[WhiteElo "1818"]
[BlackElo "1518"]
[PlyCount "55"]
[EventDate "2018.??.??"]

1. e4 c5 2. Nf3 d6 3. c3 Nf6 4. Bc4 Nc6 5. d3 g6 6. Be3 Bg7 7. h3 O-O 8. Nbd2
a6 9. O-O Bd7 10. e5 dxe5 11. Bxc5 b5 12. Bb3 Bf5 13. d4 Nd7 14. Bc2 Bxc2 15.
Qxc2 Nxc5 16. dxc5 b4 17. Qe4 bxc3 18. bxc3 Qc7 19. Nb3 Rfd8 20. Rad1 f5 21.
Qc4+ Kh8 22. Ng5 Rxd1 23. Rxd1 Nd8 24. Rxd8+ Rxd8 25. Nf7+ Kg8 26. Nh6+ Kh8 27.
Qg8+ Rxg8 28. Nf7# 1-0